| 000 | 01039nam a22002537a 4500 | ||
|---|---|---|---|
| 005 | 20170124102959.0 | ||
| 010 | _a704116 | ||
| 020 | _c32.50 | ||
| 035 | _a704116 | ||
| 037 | _bCen Lib/Ret | ||
| 040 |
_aDPL _bHN |
||
| 082 |
_a821.09 _bमिश्ररा |
||
| 100 |
_aमिश्र, रामजी _954232 |
||
| 245 |
_aरीति काव्य के स्त्रोत / _cरामजी मिश्र |
||
| 246 |
_aRitikavye ke strot / _bby Ramji Mishra |
||
| 260 |
_bआदर्श सहित्य प्रकाशन _c1973 _aदिल्ली |
||
| 270 |
_aवेस्ट सीलमपुर _bदिल्ली _e110031 |
||
| 300 |
_a324पृ. _c21सेमी (सजिल्द) |
||
| 650 |
_aहिन्दी -- साहित्य _954233 |
||
| 650 |
_aहिन्दी -- रीति काव्य _946937 |
||
| 650 |
_aHindi -- Literature _954234 |
||
| 650 |
_aHindi - The traditional poetry _954235 |
||
| 942 |
_2ddc _cHN _h821.09 _mमिश्ररा |
||
| 999 |
_c113873 _d113873 |
||